Personnel administration (Record no. 112699)

MARC details
000 -LEADER
fixed length control field 00604nam a2200229Ia 4500
003 - CONTROL NUMBER IDENTIFIER
control field OSt
005 - DATE AND TIME OF LATEST TRANSACTION
control field 20250812094331.0
008 - FIXED-LENGTH DATA ELEMENTS--GENERAL INFORMATION
fixed length control field 210210b1977 xxu||||| |||| 00| 0 eng d
020 ## - INTERNATIONAL STANDARD BOOK NUMBER
International Standard Book Number 0070500010
040 ## - CATALOGING SOURCE
Transcribing agency AL
041 ## - LANGUAGE CODE
Language code of text/sound track or separate title eng
082 ## - DEWEY DECIMAL CLASSIFICATION NUMBER
Classification number 658.3 PIGP
100 ## - MAIN ENTRY--PERSONAL NAME
Personal name Paul Pigros
9 (RLIN) 235046
245 ## - TITLE STATEMENT
Title Personnel administration
Remainder of title : a point of view and a method Ed 8
250 ## - EDITION STATEMENT
Edition statement 8
260 ## - PUBLICATION, DISTRIBUTION, ETC.
Place of publication, distribution, etc. London
Name of publisher, distributor, etc. McGraw Hill Kogakusha, Ltd.
Date of publication, distribution, etc. 1977
300 ## - PHYSICAL DESCRIPTION
Extent xii,546p
650 ## - SUBJECT ADDED ENTRY--TOPICAL TERM
Topical term or geographic name entry element Personnel Administration
9 (RLIN) 235047
690 ## - LOCAL SUBJECT ADDED ENTRY--TOPICAL TERM (OCLC, RLIN)
Topical term or geographic name as entry element Personnel Management
9 (RLIN) 235048
906 ## - LOCAL DATA ELEMENT F, LDF (RLIN)
a SG01410
942 ## - ADDED ENTRY ELEMENTS (KOHA)
Source of classification or shelving scheme Dewey Decimal Classification
Koha item type Special Grants
Holdings
Withdrawn status Lost status Damaged status Not for loan Collection code Home library Current library Shelving location Date acquired Cost, normal purchase price Total Checkouts Full call number Barcode Date last seen Price effective from Koha item type
          St Aloysius Library St Aloysius Library   02/17/2021 0.00   658.3 PIGP SG01410 02/17/2021 02/17/2021 Special Grants